[Event "Mittelfrankenliga 05/06 (B2a)"]
[Site "Mfr.2005/06-R9"]
[Date "2006.04.30"]
[Round "9.8"]
[White "Linkies, Michael"]
[Black "Feldmann, Gerhard"]
[Result "1/2-1/2"]
[WhiteElo "1660"]
[BlackElo "1844"]
[Annotator "Lauf1-Eckental1"]
[PlyCount "61"]
[EventDate "2006.04.30"]
[SourceDate "2005.10.17"]

1. c4 Nf6 2. Nf3 e6 3. g3 d5 4. cxd5 exd5 5. Bg2 Bf5 6. Qb3 b6 7. d4 c6 8. Nc3
Bd6 9. Be3 O-O 10. O-O Re8 11. Rac1 Qd7 12. Qd1 Bh3 13. Qd2 Bb4 14. Qd3 h6 15.
a3 Bd6 16. Qd2 Bxg2 17. Kxg2 Qe6 18. Bf4 Bxf4 19. Qxf4 Nbd7 20. Rfe1 c5 21. Qd2
a6 22. Qc2 c4 23. Nd2 b5 24. e4 dxe4 25. Ndxe4 Qc6 26. f3 Nb6 27. Qd2 Rad8 28.
Rcd1 Nbd5 29. Nxf6+ Nxf6 30. Qf4 Nd5 31. Nxd5 1/2-1/2

[Event "Mittelfrankenliga 05/06 (B2a)"]
[Site "Mfr.2005/06-R9"]
[Date "2006.04.30"]
[Round "9.2"]
[White "Weiss, Markus[86]"]
[Black "Aronow, Maxim"]
[Result "0-1"]
[WhiteElo "1880"]
[BlackElo "2291"]
[Annotator "SG/TB Erlangen2-SZ Fürth1"]
[PlyCount "57"]
[EventDate "2006.04.30"]
[SourceDate "2005.10.17"]

1. d4 Nf6 2. c4 g6 3. Nc3 Bg7 4. e4 d6 5. f4 O-O 6. Nf3 c6 7. Be2 Bg4 8. O-O
Nfd7 9. Be3 Na6 10. Qd2 Nc7 11. h3 Bxf3 12. Bxf3 Rb8 13. b4 c5 14. bxc5 dxc5
15. dxc5 Nxc5 16. e5 Qxd2 17. Bxd2 f6 18. Be3 b6 19. Nd5 Nxd5 20. Bxd5+ Kh8 21.
exf6 Bxf6 22. Rad1 Rbd8 23. g4 Na4 24. g5 Bg7 25. Be6 Nc3 26. Rxd8 Rxd8 27. c5
bxc5 28. Bxc5 a5 29. Bb6 0-1

[Event "Mittelfrankenliga 05/06 (B2a)"]
[Site "Mfr.2005/06-R9"]
[Date "2006.04.30"]
[Round "9.3"]
[White "Eckhardt, Wladislaw"]
[Black "Jillek, Werner,Dr."]
[Result "1-0"]
[WhiteElo "2144"]
[BlackElo "1906"]
[Annotator "SG/TB Erlangen2-SZ Fürth1"]
[PlyCount "47"]
[EventDate "2006.04.30"]
[SourceDate "2005.10.17"]

1. d4 f5 2. h3 Nf6 3. g4 d6 4. Nc3 fxg4 5. hxg4 Bxg4 6. f3 Bf5 7. e4 Bg6 8. Bg5
Nbd7 9. Nge2 e5 10. Qd2 Be7 11. O-O-O c6 12. Bh3 Bf7 13. f4 exf4 14. Nxf4 h6
15. Ne6 Bxe6 16. Bxe6 Qa5 17. e5 Nd5 18. Bxe7 Nxc3 19. Bxd6 Nxa2+ 20. Kb1 Qa6
21. Rdg1 Nb6 22. Rxg7 Nd5 23. Bd7+ Kd8 24. Qg5+ 1-0

[Event "Mittelfrankenliga 05/06 (B2a)"]
[Site "Mfr.2005/06-R9"]
[Date "2006.04.30"]
[Round "9.4"]
[White "Staehle, Philipp"]
[Black "Hepting, Heinrich"]
[Result "0-1"]
[WhiteElo "1814"]
[BlackElo "2155"]
[Annotator "SG/TB Erlangen2-SZ Fürth1"]
[PlyCount "63"]
[EventDate "2006.04.30"]
[SourceDate "2005.10.17"]

1. e4 c5 2. Nf3 e6 3. d4 cxd4 4. Nxd4 a6 5. f4 Qb6 6. Nc3 Nc6 7. Nf3 d6 8. Bd3
Qc7 9. Qe2 b5 10. Qf2 Nf6 11. O-O Bb7 12. Kh1 Rc8 13. Bd2 Be7 14. Rae1 Nd7 15.
Be2 Nc5 16. Bd1 b4 17. Nb1 O-O 18. Nd4 a5 19. f5 Nxd4 20. Qxd4 Bf6 21. e5 Bxe5
22. Qg4 exf5 23. Rxf5 Rce8 24. Rg5 f6 25. Rh5 Bxb2 26. Be2 Ne4 27. Qf5 g6 28.
Qb5 gxh5 29. Bh6 Bc6 30. Qc4+ d5 31. Qb3 Qb6 32. Bd3 0-1

[Event "Mittelfrankenliga 05/06 (B2a)"]
[Site "Mfr.2005/06-R9"]
[Date "2006.04.30"]
[Round "9.6"]
[White "Hetzner, Andreas"]
[Black "Schatz, Werner[33]"]
[Result "0-1"]
[WhiteElo "1777"]
[BlackElo "2010"]
[Annotator "SG/TB Erlangen2-SZ Fürth1"]
[PlyCount "80"]
[EventDate "2006.04.30"]
[SourceDate "2005.10.17"]

1. e4 e5 2. Nf3 Nc6 3. Bb5 g6 4. O-O Bg7 5. c3 d6 6. d3 Nge7 7. Nbd2 Bd7 8. Re1
O-O 9. Nf1 a6 10. Bc4 Na5 11. Bb3 Nxb3 12. axb3 c5 13. Ne3 f5 14. Nc4 Qc7 15.
Bg5 Rae8 16. Ne3 Bc6 17. Nd2 h6 18. Bxe7 Qxe7 19. c4 Qf7 20. Qf3 h5 21. Nd5 Bh6
22. Nf1 f4 23. h3 Kh7 24. Nh2 Bd7 25. Kh1 Rg8 26. Rg1 Ref8 27. Raf1 Be6 28. Qd1
Bg5 29. Nf3 Bd8 30. Kh2 g5 31. g4 hxg4 32. hxg4 Kg6 33. Kg2 Rh8 34. Rh1 Qd7 35.
Nh2 Rh4 36. f3 Rfh8 37. Rf2 Qh7 38. Qg1 Rh3 39. Kf1 Rg3 40. Rg2 Rxf3+ 0-1

[Event "Mittelfrankenliga 05/06 (B2a)"]
[Site "Mfr.2005/06-R9"]
[Date "2006.04.30"]
[Round "9.8"]
[White "Hueppe, Michael"]
[Black "Kilinski, Evgeni"]
[Result "1/2-1/2"]
[WhiteElo "1668"]
[BlackElo "1485"]
[Annotator "SG/TB Erlangen2-SZ Fürth1"]
[PlyCount "71"]
[EventDate "2006.04.30"]
[SourceDate "2005.10.17"]

1. d4 d5 2. Nf3 e6 3. e3 Nf6 4. Bd3 c5 5. c3 c4 6. Bc2 Nc6 7. Nbd2 Be7 8. Qe2
b5 9. O-O a5 10. e4 dxe4 11. Nxe4 Nd5 12. Be3 Bb7 13. a4 b4 14. Nc5 Bxc5 15.
dxc5 bxc3 16. bxc3 Qf6 17. Nd4 O-O 18. Nb5 Nxc3 19. Qh5 g6 20. Qg5 Nd5 21. Qxf6
Nxf6 22. Bg5 Nd5 23. Be4 Ncb4 24. Rfd1 Bc6 25. Nd6 Rab8 26. Nxc4 Nc3 27. Bxc6
Nxd1 28. Nxa5 Nc3 29. Be7 Nc2 30. Rf1 Rfc8 31. Bd7 Rc7 32. c6 Nd5 33. Bd6 Ra8
34. Bxc7 Nxc7 35. Nb7 Rxa4 36. g3 1/2-1/2

[Event "Mittelfrankenliga 05/06 (B1)"]
[Site "Mfr.2005/06-R9"]
[Date "2006.04.30"]
[Round "9.1"]
[White "Hoermann, Gunther"]
[Black "Promyshlyanskiy, Vitaliy"]
[Result "1/2-1/2"]
[WhiteElo "2131"]
[BlackElo "2240"]
[Annotator "NT Nbg.3-Cadolzburg1"]
[PlyCount "98"]
[EventDate "2006.04.30"]
[SourceDate "2005.10.17"]

1. e4 Nc6 2. d4 e5 3. Nf3 exd4 4. Nxd4 Nf6 5. Nxc6 bxc6 6. e5 Qe7 7. Qe2 Nd5 8.
Nd2 g6 9. Nf3 Qb4+ 10. Qd2 Qe4+ 11. Kd1 Bg7 12. c4 Nb6 13. Bd3 Qg4 14. Qf4 Qxf4
15. Bxf4 Ba6 16. Nd2 O-O 17. Kc2 Na4 18. Ne4 d6 19. exd6 cxd6 20. Bxd6 Rfd8 21.
Ba3 Nxb2 22. Bxb2 Bxb2 23. Kxb2 Rxd3 24. Nc5 Rb8+ 25. Kc2 Ra3 26. Nxa6 Rxa6 27.
a3 Re8 28. Rhd1 Re4 29. Kd3 Re5 30. Rd2 h5 31. Kd4 Rg5 32. f4 Rf5 33. g3 h4 34.
Rd3 Kg7 35. Re1 c5+ 36. Ke3 g5 37. Kf3 gxf4 38. g4 Rff6 39. Re5 Ra5 40. g5 Rfa6
41. Kxf4 Rxa3 42. Rd7 R6a4 43. Rxc5 Rc3 44. Rdc7 h3 45. R5c6 Ra2 46. g6 Rf2+
47. Ke4 a5 48. Ra6 Rcc2 49. gxf7 Rxf7 1/2-1/2

[Event "Mittelfrankenliga 05/06 (B1)"]
[Site "Mfr.2005/06-R9"]
[Date "2006.04.30"]
[Round "9.2"]
[White "Vogiatzis, Dimitrios"]
[Black "Strobel, Norbert"]
[Result "1-0"]
[WhiteElo "1971"]
[BlackElo "1998"]
[Annotator "NT Nbg.3-Cadolzburg1"]
[PlyCount "63"]
[EventDate "2006.04.30"]
[SourceDate "2005.10.17"]

1. e4 e6 2. Nf3 b6 3. c3 Bb7 4. Bd3 d5 5. e5 c5 6. O-O Nc6 7. Re1 g6 8. a3 Bg7
9. b4 c4 10. Bc2 Qc7 11. Qe2 Nge7 12. d4 cxd3 13. Bxd3 O-O 14. a4 Bc8 15. Na3
f6 16. Nb5 Qb8 17. exf6 Bxf6 18. Bh6 Re8 19. Rad1 e5 20. Ng5 a6 21. Na3 Nd8 22.
Bb1 e4 23. Ba2 Ne6 24. Nxe4 dxe4 25. Qxe4 Nf5 26. Bf4 Qa7 27. Qc6 Nfg7 28. Bh6
Kf7 29. Nc4 Nf5 30. Nxb6 Qb7 31. Rd7+ Re7 32. Bxe6+ 1-0

[Event "Mittelfrankenliga 05/06 (B1)"]
[Site "Mfr.2005/06-R9"]
[Date "2006.04.30"]
[Round "9.3"]
[White "Metzenroth, Dieter"]
[Black "Ederer, Rene"]
[Result "1/2-1/2"]
[WhiteElo "1855"]
[BlackElo "1936"]
[Annotator "NT Nbg.3-Cadolzburg1"]
[PlyCount "82"]
[EventDate "2006.04.30"]
[SourceDate "2005.10.17"]

1. d4 Nf6 2. Bg5 e6 3. e4 h6 4. Bxf6 Qxf6 5. Nf3 b6 6. Bd3 Bb7 7. Nbd2 Qd8 8.
c3 Be7 9. Qe2 d6 10. e5 Nd7 11. O-O g6 12. Ne1 dxe5 13. dxe5 c5 14. f4 Qc7 15.
Nef3 Rd8 16. Rad1 O-O 17. Be4 a6 18. Bxb7 Qxb7 19. Ne4 b5 20. Nd6 Bxd6 21. exd6
c4 22. Ne5 Nf6 23. Kh1 Nd5 24. Nxg6 Rfe8 25. Ne5 Rxd6 26. Qg4+ Kh7 27. Qf3 f5
28. Rfe1 Rg8 29. Rd2 Qg7 30. g4 Qf8 31. g5 Qe8 32. g6+ Kg7 33. Red1 Qa8 34. Nf7
Rd7 35. Ne5 Rdd8 36. Rd4 Rd6 37. R4d2 Rdd8 38. Re1 Rge8 39. Kg1 Qa7+ 40. Kh1
Qa8 41. Rg1 Ne7 1/2-1/2

[Event "Mittelfrankenliga 05/06 (B1)"]
[Site "Mfr.2005/06-R9"]
[Date "2006.04.30"]
[Round "9.4"]
[White "Renner, Christian"]
[Black "Zwingel, Stephan"]
[Result "1/2-1/2"]
[WhiteElo "1936"]
[BlackElo "1926"]
[Annotator "NT Nbg.3-Cadolzburg1"]
[PlyCount "23"]
[EventDate "2006.04.30"]
[SourceDate "2005.10.17"]

1. d4 Nf6 2. c4 g6 3. Nc3 d5 4. Bg5 Bg7 5. Bxf6 Bxf6 6. cxd5 c5 7. dxc5 O-O 8.
e3 Qa5 9. Qd2 Qxc5 10. Ne4 Qb6 11. Nxf6+ Qxf6 12. Nf3 1/2-1/2

[Event "Mittelfrankenliga 05/06 (B1)"]
[Site "Mfr.2005/06-R9"]
[Date "2006.04.30"]
[Round "9.5"]
[White "Truempelmann, Jochen"]
[Black "Vogiatzis, Joannis"]
[Result "1/2-1/2"]
[WhiteElo "1947"]
[BlackElo "1891"]
[Annotator "NT Nbg.3-Cadolzburg1"]
[PlyCount "27"]
[EventDate "2006.04.30"]
[SourceDate "2005.10.17"]

1. e4 c5 2. d4 cxd4 3. c3 Nf6 4. e5 Nd5 5. Qxd4 e6 6. Nf3 Nc6 7. Qe4 d6 8. Bb5
Bd7 9. exd6 Bxd6 10. O-O Nf6 11. Qd3 Qc7 12. Rd1 Be7 13. Bg5 Rd8 14. Qc2
1/2-1/2

[Event "Mittelfrankenliga 05/06 (B1)"]
[Site "Mfr.2005/06-R9"]
[Date "2006.04.30"]
[Round "9.6"]
[White "Puehn, Georg"]
[Black "Kollitz, Carsten"]
[Result "0-1"]
[WhiteElo "1903"]
[BlackElo "1708"]
[Annotator "NT Nbg.3-Cadolzburg1"]
[PlyCount "60"]
[EventDate "2006.04.30"]
[SourceDate "2005.10.17"]

1. e4 e5 2. Nf3 Nc6 3. Bb5 a6 4. Bxc6 dxc6 5. O-O Bg4 6. h3 Bxf3 7. Qxf3 Qf6 8.
Qb3 O-O-O 9. d3 Bd6 10. Nd2 Ne7 11. a4 g5 12. Nc4 h5 13. Be3 c5 14. f3 Nc6 15.
c3 Be7 16. Qc2 Qe6 17. Qe2 Rdg8 18. Bd2 g4 19. h4 Bxh4 20. f4 Bg3 21. f5 Qf6
22. Be1 Bxe1 23. Rfxe1 g3 24. Qf3 Rg4 25. Ne3 Qh4 26. Nf1 Rf4 27. Qe3 Rg8 28.
Rab1 Qg4 29. Qe2 Qg5 30. Nd2 Rf2 0-1

[Event "Mittelfrankenliga 05/06 (B1)"]
[Site "Mfr.2005/06-R9"]
[Date "2006.04.30"]
[Round "9.1"]
[White "Herning, Jens"]
[Black "Erlbeck, Peter"]
[Result "0-1"]
[WhiteElo "2026"]
[BlackElo "2041"]
[Annotator "SW Nbg.2-Büchenbach/Rh.1"]
[PlyCount "80"]
[EventDate "2006.04.30"]
[SourceDate "2005.10.17"]

1. e4 c5 2. Nf3 Nc6 3. d4 cxd4 4. Nxd4 Nf6 5. Nc3 e6 6. Ndb5 d6 7. Bf4 e5 8.
Bg5 a6 9. Na3 b5 10. Bxf6 gxf6 11. Nd5 f5 12. Bd3 Be6 13. Qh5 Bg7 14. O-O f4
15. c3 O-O 16. Rad1 Ne7 17. Bb1 Bxd5 18. exd5 f5 19. Nc2 a5 20. Ne1 Rf6 21. Qe2
Qd7 22. Nf3 Rg6 23. Kh1 Kh8 24. b3 Rg8 25. c4 bxc4 26. bxc4 Bf6 27. Rg1 Rh6 28.
Nd2 e4 29. Nf1 Qe8 30. c5 dxc5 31. d6 Nc6 32. d7 Qe5 33. Qa6 Bd8 34. Bc2 e3 35.
Re1 Qc3 36. Re2 Rf6 37. Qc8 Nd4 38. Bb3 Nxb3 39. axb3 Qd3 40. Rb2 Qd4 0-1

[Event "Mittelfrankenliga 05/06 (B1)"]
[Site "Mfr.2005/06-R9"]
[Date "2006.04.30"]
[Round "9.2"]
[White "Woerl, Richard"]
[Black "Adler, Herbert"]
[Result "0-1"]
[WhiteElo "1961"]
[BlackElo "2018"]
[Annotator "SW Nbg.2-Büchenbach/Rh.1"]
[PlyCount "46"]
[EventDate "2006.04.30"]
[SourceDate "2005.10.17"]

1. e4 e6 2. d4 d5 3. exd5 exd5 4. Bd3 c5 5. Qe2+ Be7 6. dxc5 Nf6 7. Nf3 O-O 8.
O-O Re8 9. Bg5 h6 10. Bh4 g5 11. Bg3 Bxc5 12. Qd1 Qb6 13. Re1 Rxe1+ 14. Qxe1
Nc6 15. Nc3 Bb4 16. Be5 Nxe5 17. Qxe5 Bd6 18. Nxd5 Bxe5 19. Nxb6 Bxh2+ 20. Kxh2
axb6 21. a3 Ra5 22. Re1 Kf8 23. Ne5 Rxe5 0-1

[Event "Mittelfrankenliga 05/06 (B1)"]
[Site "Mfr.2005/06-R9"]
[Date "2006.04.30"]
[Round "9.3"]
[White "Haeckler, Daniel"]
[Black "Schuster, Norbert[59]"]
[Result "1-0"]
[WhiteElo "2054"]
[BlackElo "1960"]
[Annotator "SW Nbg.2-Büchenbach/Rh.1"]
[PlyCount "75"]
[EventDate "2006.04.30"]
[SourceDate "2005.10.17"]

1. e4 e6 2. d4 d5 3. Nc3 Bb4 4. e5 c5 5. Bd2 cxd4 6. Nb5 Bxd2+ 7. Qxd2 Nc6 8.
Nf3 a6 9. Nbxd4 Nge7 10. Bd3 Nxd4 11. Nxd4 Nc6 12. Nf3 f5 13. O-O O-O 14. Rfe1
Bd7 15. c4 Be8 16. cxd5 Qxd5 17. Qc3 Bf7 18. Bc4 Qc5 19. Bxe6 Qxc3 20. Bxf7+
Rxf7 21. bxc3 Re7 22. Re3 Rae8 23. Rae1 g6 24. Kf1 h6 25. h4 Kf7 26. g3 b5 27.
h5 g5 28. Nd4 Nxd4 29. cxd4 Ke6 30. Rc1 f4 31. Rc6+ Kd5 32. Rd6+ Kc4 33. gxf4
gxf4 34. Re4 Re6 35. d5+ Kd3 36. Rxe6 Rxe6 37. dxe6 Kxe4 38. e7 1-0

[Event "Mittelfrankenliga 05/06 (B1)"]
[Site "Mfr.2005/06-R9"]
[Date "2006.04.30"]
[Round "9.4"]
[White "Werner, Andreas[68]"]
[Black "Kirch, Dietmar"]
[Result "1/2-1/2"]
[WhiteElo "1938"]
[BlackElo "2035"]
[Annotator "SW Nbg.2-Büchenbach/Rh.1"]
[PlyCount "57"]
[EventDate "2006.04.30"]
[SourceDate "2005.10.17"]

1. d4 d5 2. Nf3 Nf6 3. Bg5 e6 4. e3 Be7 5. c4 O-O 6. Nc3 Nbd7 7. Rc1 c6 8. Bd3
dxc4 9. Bxc4 Nd5 10. Bxe7 Qxe7 11. O-O Nxc3 12. Rxc3 e5 13. dxe5 Nxe5 14. Nxe5
Qxe5 15. f4 Qe4 16. Re1 Bf5 17. Bd3 Qd5 18. Bxf5 Qxf5 19. Qb3 Rab8 20. Rd1 Rfd8
21. Rcd3 Rxd3 22. Qxd3 Qa5 23. a3 h6 24. Qd7 Qb6 25. Qd4 Qb3 26. Rd3 Qc2 27.
Rd2 Qc1+ 28. Kf2 Re8 29. Qd7 1/2-1/2

[Event "Mittelfrankenliga 05/06 (B1)"]
[Site "Mfr.2005/06-R9"]
[Date "2006.04.30"]
[Round "9.5"]
[White "Braun, Robert[74]"]
[Black "Luther, Helmut"]
[Result "1/2-1/2"]
[WhiteElo "1960"]
[BlackElo "1909"]
[Annotator "SW Nbg.2-Büchenbach/Rh.1"]
[PlyCount "32"]
[EventDate "2006.04.30"]
[SourceDate "2005.10.17"]

1. e4 d5 2. exd5 Qxd5 3. Nc3 Qa5 4. d4 c6 5. Nf3 Nf6 6. Be2 Bf5 7. O-O e6 8.
Bf4 Nbd7 9. a3 Be7 10. b4 Qd8 11. Nh4 Bg6 12. Nxg6 hxg6 13. Bf3 Nh5 14. Be3 Qc7
15. Ne4 Ndf6 16. g3 Nxe4 1/2-1/2

[Event "Mittelfrankenliga 05/06 (B1)"]
[Site "Mfr.2005/06-R9"]
[Date "2006.04.30"]
[Round "9.6"]
[White "Siptitz, Friedrich,Dr."]
[Black "Schoenberger, Andreas"]
[Result "1-0"]
[WhiteElo "1949"]
[BlackElo "1965"]
[Annotator "SW Nbg.2-Büchenbach/Rh.1"]
[PlyCount "98"]
[EventDate "2006.04.30"]
[SourceDate "2005.10.17"]

1. c4 Nf6 2. Nc3 g6 3. g3 Bg7 4. Bg2 O-O 5. d4 d6 6. e4 e5 7. d5 Bg4 8. Qb3 Qc8
9. Be3 Ne8 10. f3 Bd7 11. h4 h5 12. Nh3 Na6 13. Qc2 c6 14. Qd2 Nac7 15. O-O-O
b5 16. dxc6 Bxc6 17. c5 b4 18. Nd5 Bxd5 19. exd5 Nb5 20. c6 a5 21. Bf1 Nec7 22.
Bh6 Nd4 23. Bxg7 Kxg7 24. Bc4 Nxf3 25. Qe3 Nd4 26. Nf2 Qf5 27. Ne4 Ne8 28. Rhf1
Qg4 29. Nxd6 Nxd6 30. Qxe5+ f6 31. Qxd4 Nxc4 32. Qc5 Ne5 33. c7 Nd7 34. Qc6 Ne5
35. Qb7 Qc4+ 36. Kb1 Qe4+ 37. Ka1 Rac8 38. Rfe1 Qg2 39. Rg1 Qf3 40. Rgf1 Qe4
41. Rfe1 Qf3 42. Rf1 Qg4 43. d6 Qd7 44. Rfe1 Rfe8 45. Qa6 Ra8 46. Qb7 Rf8 47.
Rxe5 Qxd6 48. Rxd6 fxe5 49. c8=Q+ Kh6 1-0

[Event "Mittelfrankenliga 05/06 (B1)"]
[Site "Mfr.2005/06-R9"]
[Date "2006.04.30"]
[Round "9.7"]
[White "Kittsteiner, Peter"]
[Black "Thuerauf, Peter"]
[Result "0-1"]
[WhiteElo "1864"]
[BlackElo "1921"]
[Annotator "SW Nbg.2-Büchenbach/Rh.1"]
[PlyCount "98"]
[EventDate "2006.04.30"]
[SourceDate "2005.10.17"]

1. e4 c5 2. c3 Nf6 3. e5 Nd5 4. d4 cxd4 5. cxd4 Nc6 6. Nf3 d6 7. exd6 Qxd6 8.
Nc3 Bg4 9. Be2 e6 10. O-O Be7 11. h3 Bh5 12. Be3 O-O 13. Ne1 Bg6 14. Bf3 Rac8
15. Bxd5 exd5 16. f4 Be4 17. Nf3 a6 18. Qd2 Bxf3 19. Rxf3 Bf6 20. Qf2 Rfe8 21.
Rd1 b5 22. a3 Na5 23. g4 Nc4 24. Bc1 Qc6 25. g5 Bd8 26. f5 Nd6 27. f6 g6 28.
Qh4 h5 29. gxh6 Kh7 30. Qg4 Ne4 31. Nxd5 Ba5 32. Ne7 Qc2 33. Rdf1 Rcd8 34. Nxg6
Rg8 35. Bg5 Nxg5 36. Rf5 Nxh3+ 37. Qxh3 Rxg6+ 38. Kh1 Rxh6 39. Rh5 Qe4+ 40. Rf3
Qb1+ 41. Kh2 Bc7+ 42. Kg2 Rg8+ 43. Kf2 Qxb2+ 44. Kf1 Qc1+ 45. Kf2 Qd2+ 46. Kf1
Qd1+ 47. Kf2 Qxd4+ 48. Re3 Qd2+ 49. Kf1 Qd1+ 0-1

[Event "Mittelfrankenliga 05/06 (B1)"]
[Site "Mfr.2005/06-R9"]
[Date "2006.04.30"]
[Round "9.8"]
[White "Stoessel, Horst"]
[Black "Classen, Andrej"]
[Result "1-0"]
[WhiteElo "2053"]
[BlackElo "1741"]
[Annotator "SW Nbg.2-Büchenbach/Rh.1"]
[PlyCount "163"]
[EventDate "2006.04.30"]
[SourceDate "2005.10.17"]

1. d4 d5 2. Bg5 Nf6 3. Nd2 e6 4. e3 Nbd7 5. f4 c5 6. c3 cxd4 7. exd4 Bd6 8. g3
Qb6 9. Bxf6 Nxf6 10. Qb3 Bd7 11. Bd3 O-O 12. Qxb6 axb6 13. a3 Bc6 14. Ngf3 Ne4
15. O-O f5 16. Rfe1 Rf6 17. Re2 Rg6 18. Rg2 h5 19. Nf1 Kf7 20. Ne5+ Bxe5 21.
fxe5 Rh8 22. h4 b5 23. Rc1 Ke7 24. Kh2 Rgh6 25. Nd2 Nxd2 26. Rxd2 g5 27. Rg2 g4
28. Rf2 Rf8 29. Rf4 Rhh8 30. Rcf1 Bd7 31. Kg1 Ra8 32. Kf2 Rhf8 33. Ke3 Kf7 34.
Kd2 Kg6 35. Ra1 Ra7 36. Rff1 Rfa8 37. Ra2 b6 38. Rfa1 Rc8 39. Rc1 Rca8 40. Kc2
Ra5 41. Rca1 R5a7 42. b3 Rc7 43. Kb2 Kf7 44. Rc1 Rac8 45. Raa1 Ke7 46. Rc2 Kd8
47. Rac1 Ke7 48. Bf1 Kd8 49. Ra1 Ke7 50. Rcc1 Kd8 51. Be2 Ke7 52. Ra2 Kd8 53.
Raa1 Ke7 54. Bd1 Ra7 55. Rc2 Kd8 56. Kc1 Ke7 57. Kd2 Kf7 58. Rb2 Rca8 59. Rba2
Ra5 60. Be2 Rc8 61. Bd1 Rca8 62. Kd3 Rc8 63. a4 Rca8 64. b4 R5a7 65. a5 bxa5
66. Rxa5 Rxa5 67. bxa5 Kg6 68. Ke3 Rc8 69. Ra3 Ra8 70. Be2 Ra6 71. Bd3 Bc6 72.
Ra1 Bd7 73. Kd2 Kf7 74. Kc2 Ke7 75. Kb3 Kd8 76. Kb4 Ra8 77. a6 Kc7 78. Kc5 f4
79. gxf4 g3 80. Rg1 Rxa6 81. Rxg3 b4 82. Bxa6 1-0

[Event "Mittelfrankenliga 05/06 (B1)"]
[Site "Mfr.2005/06-R9"]
[Date "2006.04.30"]
[Round "9.1"]
[White "Schneider, David[90]"]
[Black "Gueting, Jens"]
[Result "0-1"]
[WhiteElo "2153"]
[BlackElo "2169"]
[Annotator "Nbg.1911/1-Großenseebach1"]
[PlyCount "112"]
[EventDate "2006.04.30"]
[SourceDate "2005.10.17"]

1. e4 g6 2. d4 Bg7 3. Nc3 a6 4. a4 b6 5. Nf3 d6 6. Bc4 Bb7 7. O-O e6 8. Re1 Ne7
9. Be3 c5 10. dxc5 bxc5 11. Qd2 Nbc6 12. Bh6 O-O 13. Bxg7 Kxg7 14. Rad1 Nc8 15.
Ne2 Qf6 16. Ng3 Nb6 17. Bf1 Rad8 18. Re3 Bc8 19. a5 Na8 20. Rd3 Bb7 21. Be2 d5
22. e5 Nxe5 23. Nxe5 Qxe5 24. Re3 Qf6 25. Rf3 Qe7 26. h4 Nc7 27. h5 d4 28. Rb3
Bd5 29. Rb6 e5 30. Bxa6 Nxa6 31. Rxa6 Bxg2 32. Rb6 Bf3 33. Re1 Qh4 34. Qd3 e4
35. Rxe4 Bxe4 36. Qxe4 Qxe4 37. Nxe4 Rc8 38. a6 Rfe8 39. f3 Re6 40. Rxe6 fxe6
41. a7 Ra8 42. Nxc5 Kf7 43. hxg6+ hxg6 44. Kf2 Rxa7 45. Ke2 Ra2 46. Nd3 Kf6 47.
Kd2 e5 48. b4 Kf5 49. Kc1 Ra1+ 50. Kb2 Rf1 51. b5 Rxf3 52. b6 Rh3 53. b7 Rh8
54. Nc5 Rb8 55. Kb3 g5 56. Kc4 g4 0-1

[Event "Mittelfrankenliga 05/06 (B1)"]
[Site "Mfr.2005/06-R9"]
[Date "2006.04.30"]
[Round "9.2"]
[White "Demburg, Dimitrij"]
[Black "Suess, Stefan[87]"]
[Result "1-0"]
[WhiteElo "1890"]
[BlackElo "1893"]
[Annotator "Nbg.1911/1-Großenseebach1"]
[PlyCount "81"]
[EventDate "2006.04.30"]
[SourceDate "2005.10.17"]

1. e4 c5 2. Nc3 Nc6 3. g3 g6 4. Bg2 Bg7 5. d3 e6 6. Be3 d6 7. Qd2 Rb8 8. Nge2
Nd4 9. Bxd4 cxd4 10. Nb5 Qb6 11. Qb4 Ke7 12. Qb3 a6 13. Na3 Qxb3 14. cxb3 e5
15. Rc1 Be6 16. O-O Nf6 17. Nc4 Nd7 18. b4 Rhc8 19. b3 Bh6 20. f4 Bg4 21. Bf3
Bxf3 22. Rxf3 b5 23. Na3 Rxc1+ 24. Nxc1 Rc8 25. Ne2 f6 26. Kg2 Nb6 27. Rf1 d5
28. Kf3 Ke6 29. Rc1 Rxc1 30. Nxc1 dxe4+ 31. dxe4 f5 32. Nd3 exf4 33. gxf4 Bf8
34. Nc2 Bg7 35. a3 Kd6 36. Nc5 a5 37. e5+ Kd5 38. bxa5 Kxc5 39. axb6 Kxb6 40.
Nxd4 Kc5 41. Ne6+ 1-0

[Event "Mittelfrankenliga 05/06 (B1)"]
[Site "Mfr.2005/06-R9"]
[Date "2006.04.30"]
[Round "9.3"]
[White "Seyb, Dieter"]
[Black "Steger, Otmar"]
[Result "1-0"]
[WhiteElo "2219"]
[BlackElo "1984"]
[Annotator "Nbg.1911/1-Großenseebach1"]
[PlyCount "33"]
[EventDate "2006.04.30"]
[SourceDate "2005.10.17"]

1. e4 d5 2. exd5 Qxd5 3. Nc3 Qd8 4. Bc4 Nf6 5. Nf3 Bf5 6. Ne5 e6 7. Qf3 c6 8.
Nxf7 Qd4 9. Nxh8 Qxc4 10. d3 Qh4 11. h3 h5 12. Bf4 Nd5 13. Nxd5 cxd5 14. g4 Nc6
15. gxf5 Nd4 16. Qg3 Nxc2+ 17. Kd2 1-0

[Event "Mittelfrankenliga 05/06 (B1)"]
[Site "Mfr.2005/06-R9"]
[Date "2006.04.30"]
[Round "9.4"]
[White "Augustin, Achim"]
[Black "Borel, Markus"]
[Result "0-1"]
[WhiteElo "1948"]
[BlackElo "1863"]
[Annotator "Nbg.1911/1-Großenseebach1"]
[PlyCount "78"]
[EventDate "2006.04.30"]
[SourceDate "2005.10.17"]

1. d4 g6 2. Bg5 Bg7 3. c3 d6 4. Nd2 Nd7 5. e4 a6 6. Ngf3 h6 7. Bh4 c5 8. d5 b5
9. Qc2 Nb6 10. Be2 Bd7 11. O-O Qc7 12. Bg3 Nf6 13. Rad1 Nh5 14. c4 Nxg3 15.
hxg3 g5 16. Rfe1 Na4 17. b3 Nc3 18. e5 Nxe2+ 19. Rxe2 dxe5 20. Rde1 f6 21. Qg6+
Kf8 22. Ne4 Be8 23. Qf5 Qc8 24. Qxc8 Rxc8 25. d6 e6 26. Rd2 Bd7 27. g4 h5 28.
gxh5 Rxh5 29. Ng3 Rh7 30. Rdd1 Kf7 31. Ne4 Kg6 32. g3 Rh5 33. g4 Rhh8 34. Ng3
Rhd8 35. Kg2 Rc6 36. Rd2 Bf8 37. Rxe5 Rxd6 38. Rxd6 Bxd6 39. Re2 Bc6 0-1

[Event "Mittelfrankenliga 05/06 (B1)"]
[Site "Mfr.2005/06-R9"]
[Date "2006.04.30"]
[Round "9.5"]
[White "Seyb, Alexander"]
[Black "Herbst, Thomas"]
[Result "1-0"]
[WhiteElo "2094"]
[BlackElo "1927"]
[Annotator "Nbg.1911/1-Großenseebach1"]
[PlyCount "115"]
[EventDate "2006.04.30"]
[SourceDate "2005.10.17"]

1. e4 c5 2. Nf3 Nc6 3. d4 cxd4 4. Nxd4 g6 5. Nc3 Bg7 6. Be3 Nf6 7. Bc4 O-O 8.
Bb3 a5 9. f3 d5 10. exd5 Nb4 11. Nde2 a4 12. Nxa4 Nfxd5 13. Bb6 Nxb6 14. Qxd8
Rxd8 15. Nxb6 Ra6 16. Nxc8 Rxc8 17. Nc3 Rxc3 18. bxc3 Bxc3+ 19. Ke2 Bxa1 20.
Rxa1 Kg7 21. c3 Nc6 22. Rd1 Rb6 23. Rd5 Kf6 24. f4 e6 25. Rc5 Ke7 26. Kd3 Kd6
27. Rg5 h6 28. Rg3 Na5 29. Kc2 Nc6 30. Rd3+ Ke7 31. g4 Rb5 32. Rh3 h5 33. gxh5
gxh5 34. Kd3 Kf6 35. Bd1 Ra5 36. a4 Kg6 37. Rg3+ Kf6 38. c4 Kf5 39. Kc3 Kf6 40.
Rg5 Rxg5 41. fxg5+ Kxg5 42. Bf3 Nd8 43. a5 Kf4 44. Bh1 e5 45. Bd5 e4 46. c5 Ke5
47. c6 bxc6 48. a6 cxd5 49. a7 d4+ 50. Kd2 e3+ 51. Ke2 Ne6 52. a8=Q Nf4+ 53.
Kf3 Ne6 54. Qe4+ Kf6 55. h4 Kg7 56. Qe5+ Kg6 57. Ke2 Kh7 58. Qxh5+ 1-0